[Event "DEN-chT 1920 58th"]
[Site "Denmark"]
[Date "2019.12.01"]
[Round "3.6"]
[White "Nordenbaek, Jan"]
[Black "Sylvan, Jacob"]
[Result "1/2-1/2"]
[WhiteElo "2239"]
[BlackElo "2323"]
[PlyCount "73"]
[EventDate "2019.11.23"]
[EventType "team-tourn"]
[EventRounds "9"]
[EventCountry "DEN"]
[SourceTitle "EXT 2022"]
[Source "ChessBase"]
[SourceDate "2021.10.06"]
[SourceVersion "1"]
[SourceVersionDate "2021.10.06"]
[SourceQuality "1"]
[WhiteTeam "Hillerod"]
[BlackTeam "Nordkallotten"]
[WhiteTeamCountry "DEN"]
[BlackTeamCountry "DEN"]

1. e4 c5 2. Nf3 e6 3. Nc3 Nc6 4. d4 cxd4 5. Nxd4 Qc7 6. Be3 a6 7. Bd3 Nf6 8. 0-0 b5 9. Nxc6 Qxc6 10. f3 Bc5 11. Qe1 d6 12. Kh1 Bxe3 13. Qxe3 0-0 14. e5 dxe5 15. Qxe5 Bb7 16. Ne4 Nxe4 17. Bxe4 Qb6 18. Bxb7 Qxb7 19. Rad1 Rad8 20. c3 Qb6 21. Qe2 h6 22. g3 Qc5 23. a3 Qc4 24. Qxc4 bxc4 25. Kg2 e5 26. Rfe1 f6 27. Kf2 Kf7 28. h4 g5 29. hxg5 hxg5 30. Rxd8 Rxd8 31. Re4 Rc8 32. f4 gxf4 33. gxf4 Ke6 34. fxe5 fxe5 35. Rh4 Kd5 36. Ke3 Rc6 37. Rh2 1/2-1/2

[Event "DEN-chT 1920 58th"]
[Site "Denmark"]
[Date "2019.11.24"]
[Round "2.7"]
[White "Abildlund, Jens"]
[Black "Nordenbaek, Jan"]
[Result "1/2-1/2"]
[WhiteElo "2187"]
[BlackElo "2239"]
[PlyCount "27"]
[EventDate "2019.11.23"]
[EventType "team-tourn"]
[EventRounds "9"]
[EventCountry "DEN"]
[SourceTitle "CBM 193 Extra"]
[Source "ChessBase"]
[SourceDate "2020.01.31"]
[SourceVersion "1"]
[SourceVersionDate "2020.01.31"]
[SourceQuality "1"]
[WhiteTeam "Nordre"]
[BlackTeam "Hillerod"]
[WhiteTeamCountry "DEN"]
[BlackTeamCountry "DEN"]

1. d4 Nf6 2. Nf3 d5 3. Bf4 c5 4. e3 Nc6 5. c3 Qb6 6. Qb3 c4 7. Qc2 Bf5 8. Qc1 e6 9. Be2 Be7 10. h3 h6 11. 0-0 0-0 12. Nbd2 Qd8 13. Ne5 Nxe5 14. Bxe5 1/2-1/2